Countries Containing These Three Letters #1 - Statistics

General Stats
  • This quiz has been taken 738 times
  • The average score is 9 of 20
Answer Stats
Sequence Country % Correct
FGH Afghanistan
89%
NZA Tanzania
84%
DOV Moldova
75%
JIK Tajikistan
74%
NEI Brunei
68%
LBA Albania
61%
IET Vietnam
59%
ERM Germany
55%
COM Comoros
53%
RTH North Korea
48%
HUT Bhutan
44%
TAL Italy
44%
MBA Zimbabwe
30%
ALV El Salvador
26%
RDA Jordan
21%
EAB Guinea-Bissau
18%
ARU Belarus
16%
TLU Saint Lucia
15%
LAD Bangladesh
14%
RIL Sri Lanka
10%
No matching quizzes found
Score Distribution
Percent of People with Each Score
Percentile by Number Answered
Your Score History
You have not taken this quiz